000 00461nam a2200193Ia 4500
008 210210b2010 xxu||||| |||| 00| 0 eng d
020 _a8131603725
041 _aeng
082 _a320.55 PANP
100 _aPANDEY (Upasana)
245 _aPostmodernism and Gandhi
260 _aJaipur
_bRawat Publications
_c2010
300 _axii-252
650 _aPostmodernism
650 _aGandhi
650 _aand
690 _aPolitical Thought
906 _a066176
999 _c146543
_d146543